

| 000 -LEADER | |
|---|---|
| fixed length control field | 01755cam a2200313 i 4500 |
| 001 - CONTROL NUMBER | |
| control field | 23409670 |
| 005 - DATE AND TIME OF LATEST TRANSACTION | |
| control field | 20240912112205.0 |
| 008 - FIXED-LENGTH DATA ELEMENTS--GENERAL INFORMATION | |
| fixed length control field | 231201s2024 enk b 001 0 eng d |
| 010 ## - LIBRARY OF CONGRESS CONTROL NUMBER | |
| LC control number | 2023951417 |
| 020 ## - INTERNATIONAL STANDARD BOOK NUMBER | |
| Canceled/invalid ISBN | 9781035347377 (Paperback) |
| 035 ## - SYSTEM CONTROL NUMBER | |
| System control number | (OCoLC)on1400973149 |
| 040 ## - CATALOGING SOURCE | |
| Original cataloging agency | YDX |
| Language of cataloging | eng |
| Description conventions | rda |
| Transcribing agency | YDX |
| Modifying agency | BDX |
| -- | CLU |
| -- | OCLCO |
| -- | YDX |
| -- | DLC |
| 042 ## - AUTHENTICATION CODE | |
| Authentication code | lccopycat |
| 050 00 - | |
| -- | K2400 |
| -- | .C36 2024 |
| 082 04 - DEWEY DECIMAL CLASSIFICATION NUMBER | |
| Classification number | 341.5/22 |
| Edition number | 23 |
| 100 1# - MAIN ENTRY--PERSONAL NAME | |
| Personal name | Campbell, Mark |
| Titles and words associated with a name | (Law teacher), |
| Relator term | author. |
| 245 14 - TITLE STATEMENT | |
| Title | The model law approach to international commercial arbitration : |
| Remainder of title | a primer / |
| Statement of responsibility, etc. | Mark Campbell. |
| 264 #1 - PRODUCTION, PUBLICATION, DISTRIBUTION, MANUFACTURE, AND COPYRIGHT NOTICE | |
| Place of production, publication, distribution, manufacture | Cheltenham, UK ; |
| -- | Northampton, MA : |
| Name of producer, publisher, distributor, manufacturer | Edward Elgar Publishing Limited, |
| Date of production, publication, distribution, manufacture, or copyright notice | [2024] |
| 300 ## - PHYSICAL DESCRIPTION | |
| Extent | x, 173 pages ; |
| Dimensions | 25 cm. |
| 336 ## - | |
| -- | text |
| -- | txt |
| -- | rdacontent |
| 365 ## - TRADE PRICE | |
| Price amount | Rs. 3167.00 |
| 504 ## - BIBLIOGRAPHY, ETC. NOTE | |
| Bibliography, etc. note | Includes bibliographical references and index. |
| 505 0# - Contents | |
| Contents | Arbitration and the Model Law -- Arbitration agreements -- The arbitral tribunal -- Arbitral proceedings -- Challenging and enforcing awards -- Appendix: UNCITRAL Model Law on International Commercial Arbitration. |
| 520 ## - SUMMARY, ETC. | |
| Summary, etc. | "Taking the UNCITRAL Model Law on International Commercial Arbitration as its basis, this concise and accessible book presents a cutting-edge account of the international arbitral process. Applying a chronological approach, the book will enable readers to gain an understanding of the arbitral process from start to finish." |
| 610 20 - SUBJECT ADDED ENTRY--CORPORATE NAME | |
| Corporate name or jurisdiction name as entry element | United Nations Commission on International Trade Law. |
| Title of a work | UNCITRAL Model Law on International Commercial Arbitration. |
| 650 #0 - SUBJECT ADDED ENTRY--TOPICAL TERM | |
| Topical term or geographic name entry element | International commercial arbitration. |
| 710 22 - ADDED ENTRY--CORPORATE NAME | |
| Corporate name or jurisdiction name as entry element | United Nations Commission on International Trade Law. |
| Title of a work | UNCITRAL Model Law on International Commercial Arbitration. |
| 942 ## - ADDED ENTRY ELEMENTS (KOHA) | |
| Source of classification or shelving scheme | Dewey Decimal Classification |
| Koha item type | BOOKs |
| Withdrawn status | Lost status | Source of classification or shelving scheme | Materials specified (bound volume or other part) | Damaged status | Not for loan | Home library | Current library | Shelving location | Date acquired | Source of acquisition | Cost, normal purchase price | Total Checkouts | Total Renewals | Full call number | Barcode | Date last seen | Date last checked out | Price effective from | Koha item type | Public note |
|---|---|---|---|---|---|---|---|---|---|---|---|---|---|---|---|---|---|---|---|---|
| Dewey Decimal Classification | PB | NLS | NLS | General Stacks | 12/09/2024 | Purchased - Segment Book | 3167.00 | 1 | 1 | 341.522 CAM | 39793 | 28/06/2025 | 13/09/2024 | 12/09/2024 | BOOKs | Recommended by Dr. Harisankar K Sathyapalan |